| 000 | 00454nam a22001577a 4500 | ||
|---|---|---|---|
| 005 | 20251108175342.0 | ||
| 008 | 250721s1998 xx 000 0 ara d | ||
| 082 | 1 | 4 | _aم/213.66/أحا |
| 245 | 1 | 0 | _aالأحاديث القدسية 1-2 / |
| 264 | 1 |
_aعمان : _bدار أسامة، _c1998. |
|
| 300 | _a1-2 ج في مج. | ||
| 650 | 1 | 7 | _aالأحاديث القدسية |
| 650 | 1 | 7 | _aالحديث الشريف |
| 942 |
_2ddc _cREF |
||
| 999 |
_c132121 _d132121 |
||